[Event "Pan American-ch School U11 Girls 12th"]
[Site "Callao"]
[Date "2023.10.19"]
[Round "6"]
[White "Lajo Timoteo, Diana Carolina"]
[Black "Solari Quelali, Valeska Tiana"]
[Result "1/2-1/2"]
[WhiteElo "1065"]
[BlackElo "1286"]
[PlyCount "58"]
[EventDate "2023.10.16"]
[EventType "swiss"]
[EventRounds "9"]
[EventCountry "PER"]
[SourceTitle "CB48_2023"]
[SourceDate "2023.11.29"]
[SourceVersion "1"]
[SourceVersionDate "2023.11.29"]
[SourceQuality "1"]

1. d4 d5 2. c4 c6 3. cxd5 cxd5 4. Nc3 Nf6 5. Bf4 e6 6. e3 Nbd7 7. Bd3 Be7 8. Nf3 0-0 9. 0-0 Nh5 10. Bg3 Nxg3 11. hxg3 Nf6 12. Qc2 h6 13. a3 Bd7 14. Rac1 Rc8 15. Qe2 Bc6 16. Ne5 Bd6 17. Nxc6 Rxc6 18. e4 dxe4 19. Nxe4 Rxc1 20. Rxc1 b6 21. Nxd6 Qxd6 22. Qe5 Qxe5 23. dxe5 Nd7 24. f4 Nc5 25. Bb5 a6 26. b4 axb5 27. bxc5 bxc5 28. Rxc5 Ra8 29. Rxb5 Rxa3 1/2-1/2